1-20 - Statistics

General Stats
  • This quiz has been taken 197 times
  • The average score is 19 of 20
Answer Stats
Hint Answer % Correct
4 4
100%
1 1
98%
2 2
98%
3 3
98%
5 5
98%
6 6
98%
7 7
98%
8 8
98%
9 9
98%
10 10
96%
11 11
96%
12 12
96%
13 13
95%
14 14
95%
15 15
95%
16 16
95%
17 17
93%
18 18
93%
19 19
93%
20 20
93%
No matching quizzes found
Score Distribution
Percent of People with Each Score
Percentile by Number Answered
Your Score History
You have not taken this quiz